00625nam a2200205 a 450000100060000000300080000600500170001400800410003102000170007203500190008904000270010804100080013508200270014310000160017024501260018626000300031230000290034250400370037165000110040870677BD-RjUL20211209082028.0170418s1986 nyua b 001 0 eng d a0470203013 : a(BD-RjUL)70891 aDLCcDLCdBD-RjULbeng aeng00a670.4272223bTOF 19861 aTodd, D. J.10aFundamentals of robot technology :ban introduction to industrial robots, teleoperators, and robot vehicles /cD.J. Todd. aNew York :bWiley,c1986. a244 p. :bill. ;c24 cm. aIncludes Bibliography and index. 0aRobots